Riconosci l'Anno dagli eventi - Quiz n°40 - Statistics

Statistiche generali
  • Questo quiz è stato fatto 12 volte
  • Il punteggio medio è 8 su 10
Statistiche sulle risposte
Indizio Risposta % Corretto
B 21 gennaio: Russia e Persia firmano il trattato di Resht.
100%
D 7 dicembre: apertura della Royal Opera House al Covent Garden di Londra.
100%
E Il compositore Johann Sebastian Bach scrive la Cantata del caffè, in seguito alle proteste popolari per l'istituzione di una tassa sulla bevanda (il caffè, appunto).
100%
C 29 novembre: il terremoto dell'Irpinia provoca migliaia di vittime.
91%
A 6 gennaio: viene inaugurato il Teatro Filarmonico di Verona con l'opera di Vivaldi La fida ninfa su libretto di Scipione Maffei.
91%
F A Roma, termina la costruzione del Palazzo delle Scuderie Papali.
91%
I Fondazione della Georgia, l'ultima delle 13 colonie.
91%
H Papa Clemente XII riconosce il "Collegio dei Cinesi", fondato pochi anni prima da Matteo Ripa e destinato con la legge delle guarentigie a diventare il Regio Istituto Universitario Orientale e infine l'Università di Napoli "L'Orientale", uno dei più prestigiosi atenei orientalistici del mondo.
91%
G Concorso per la facciata di San Giovanni in Laterano indetto dal papa Clemente XII, vinto da Alessandro Galilei.
82%
Anno 1732
9%
Nessun quiz corrispondente trovato
Distribuzione punteggi
Percentuale di utenti per punteggio
Percentile per numero di risposta
I tuoi punteggi nel tempo
Non hai fatto questo quiz